Thinking Science (Record no. 7483)

MARC details
000 -LEADER
fixed length control field 00584nam a22001937a 4500
003 - CONTROL NUMBER IDENTIFIER
control field OSt
005 - DATE AND TIME OF LATEST TRANSACTION
control field 20170822175006.0
008 - FIXED-LENGTH DATA ELEMENTS--GENERAL INFORMATION
fixed length control field 131218b xxu||||| |||| 00| 0 eng d
020 ## - INTERNATIONAL STANDARD BOOK NUMBER
International Standard Book Number 0333485122
040 ## - CATALOGING SOURCE
Original cataloging agency BSU
Language of cataloging English
Transcribing agency BSU
082 ## - DEWEY DECIMAL CLASSIFICATION NUMBER
Edition number 19
Classification number 507.24 ADE
100 ## - MAIN ENTRY--PERSONAL NAME
Personal name Adey,Philip
9 (RLIN) 15409
245 ## - TITLE STATEMENT
Title Thinking Science
Remainder of title the curriculum materials of the cognitive acceleration through science education (CASE)project
Statement of responsibility, etc Adey,Philip et.al
250 ## - EDITION STATEMENT
Edition statement teacher's guide
260 ## - PUBLICATION, DISTRIBUTION, ETC. (IMPRINT)
Place of publication, distribution, etc London
Name of publisher, distributor, etc Macmillan
Date of publication, distribution, etc 1989
300 ## - PHYSICAL DESCRIPTION
Extent iv,132p.
Dimensions 30cm
651 ## - SUBJECT ADDED ENTRY--GEOGRAPHIC NAME
Geographic name Science
9 (RLIN) 15575
942 ## - ADDED ENTRY ELEMENTS (KOHA)
Source of classification or shelving scheme Dewey Decimal Classification
Koha item type Books

No items available.


© 2017 Bishop Stuart University Library. All Rights Reserved.
Kakoba Campus, Plot 150 Buremba Road | P.O. Box 9, Mbarara, UGANDA | Tel: +256-772-463068
Email: library@bsu.ac.ug